| 000 | 00515nam a22001697a 4500 | ||
|---|---|---|---|
| 999 |
_c18834 _d18834 |
||
| 008 | 240201b ||||| |||| 00| 0 eng d | ||
| 020 | _a9781394168552 | ||
| 082 |
_22023 _aDC 516.24 _bSt454 |
||
| 100 |
_aSterling, Mary Jane. _951020 |
||
| 245 |
_aTrigonometry / _cMary Jane Sterling. |
||
| 250 | _aThird edition. | ||
| 260 |
_aCanada : _bJohn Wiley & Sons, Inc., _c©2023. |
||
| 300 |
_axii, 385 pages : _billustrations ; _c24 cm. |
||
| 500 | _aIncludes index. | ||
| 650 |
_aTrigonometry. _951575 |
||
| 942 |
_2ddc _cDC |
||